|
|
|
|
| LEADER |
00000nac a2200000 a 4500 |
| 003 |
Ucuenca |
| 005 |
20230725062725.0 |
| 008 |
007092|1985 sp |||||r|||||||||||spa|| |
| 020 |
|
|
|a 84-239-2090-9
|
| 040 |
|
|
|b spa
|
| 041 |
0 |
|
|a es
|
| 082 |
0 |
|
|a Ch861.4
|
| 100 |
1 |
|
|a Neruda, Pablo.
|d 1904-1973
|9 209989
|
| 245 |
|
|
|a Antología poética
|c Pablo Neruda
|h imp
|
| 250 |
|
|
|a 4a ed.
|
| 264 |
|
|
|a Madrid
|b Espasa Calpe
|c 1985
|
| 300 |
|
|
|a 509 páginas:
|c 17 cm
|
| 490 |
|
|
|a Selecciones Austral
|n no. 90
|
| 600 |
1 |
0 |
|a Neruda, Pablo.
|d 1904-1973
|9 209989
|
| 650 |
|
4 |
|a Antología poética
|9 5347
|
| 852 |
|
|
|a UC-CDJBV
|
| 942 |
|
|
|c CR
|2 ddc
|z paola.amaya@ucuenca.edu.ec
|
| 999 |
|
|
|c 155595
|d 155595
|